Kadra Manchesteru United w sezonie 24/25 - Statystyki

Ogólne statystyki
  • Ten quiz został rozwiązany 472 razy
  • Średni wynik to 18 z 27
Statystyki odpowiedzi
Numer Imię i nazwisko % Poprawnych
24 Andre Onana
97%
8 Bruno Fernandes
88%
5 Harry Maguire
86%
9 Rasmus Højlund
83%
17 Alejandro Garnacho
80%
16 Amad Diallo
77%
20 Diogo Dalot
77%
10 Marcus Rashford
77%
18 Casemiro
76%
37 Kobbie Mainoo
75%
23 Luke Shaw
73%
6 Lisandro Martínez
71%
11 Joshua Zirkzee
68%
7 Mason Mount
65%
1 Altay Bayındır
64%
4 Matthijs de Ligt
63%
21 Antony
62%
15 Leny Yoro
62%
25 Manuel Ugarte
60%
22 Tom Heaton
57%
2 Victor Lindelöf
57%
14 Christian Eriksen
55%
3 Noussair Mazraoui
52%
35 Jonny Evans
47%
12 Tyrell Malacia
47%
43 Toby Collyer
33%
44 Daniel Gore
8%
Nie znaleziono quizów pasujących do podanych kryteriów
Rozkład punktacji
Procent ludzi z każdym wynikiem
Percentyl według liczby udzielonych odpowiedzi
Twoja historia wyników
Nie rozwiązałeś tego quizu